00524nam a2200169Ia 450000500170000000800410001702000150005808200130007310000210008624500450010726000400015230000130019250000330020594200060023895200950024499900150033920250701161344.0240331s9999 xx 000 0 und d a9552006406 bRAJa613 aRajapakshe,D.S.N 0aMaranthika ADS handunaganna walakwaganna aColombobS. Godage & Brothersc1992 a96 p ., aA book on Avoid getting AIDS cL 001040708LaWERCLbWERCLcSSCd2024-03-31l0o 613 RAJp1039r2024-03-31w2024-03-31yL c3415d3415